000 02223nam0a2200337 4500
001 RU\NLR\BIBL_A\022685420
005 20260311114152.0
010 _a978-5-7433-3635-7
_9300
021 _aRU
_bКН-П-25-065939
_9КН-П-25-6383
035 _a(NLR Aleph) 022685420
090 _a13632690
_c13632690
100 _a20251211d2024 u y0rusy50 ca
101 0 _arus
102 _aRU
105 _aa j 000yy
181 0 _ai
_b xxe
182 0 _an
200 1 _aРазработка приложений на языке JAVA
_eучебное пособие для студентов направлений^ "Информационные системы и технологии", "Прикладная информатика", "Программная инженерия", "Информатика и вычислительная техника"
_fА. В. Ермаков, М. С. Королёв, А. К. Кузьмин
_gМинистерство науки и высшего образования Российской Федерации, Саратовский государственный технический университет имени Гагарина Ю. А.
203 _aТекст
_bвизуальный
_cнепосредственный
210 _aСаратов
_cСГТУ им. Гагарина Ю. А.
_d2024
215 _a124, [3] с.
_cил., табл.
_d21
320 _aБиблиогр. в конце кн.: 9 назв.
606 1 _aJAVA, язык программирования
_jУчебные издания для высших учебных заведений
_91055972
_3RU\NLR\AUTH\66409075
686 1 _aЗ988.02-018.1я73-1
700 1 _aЕрмаков
_bА. В.
_gАлександр Вадимович
701 1 _7ca
_8rus
_aКоролёв
_bМ. С.
_cканд. техн. наук, защита информации
_gМихаил Сергеевич
_9248474
_3RU\NLR\AUTH\770248530
701 1 _7ca
_8rus
_aКузьмин
_bА. К.
_cспециалист в обл. информ. технологий
_gАлексей Константинович
_969839
_3RU\NLR\AUTH\7786911
942 _cBOOK
980 _aNB